Principales Leyes Económicas (Bancarias, Monetarias, Financieras y Crediticias) de Nicaragua
| Main Author: | |
|---|---|
| Format: | Section = Libro |
| Language: | Undetermined Spanish |
| Published: |
Nicaragua
Maratí
1998
|
| Subjects: |
| LEADER | 00573nam a2200193Ia 4500 | ||
|---|---|---|---|
| 008 | 240830s9999 xx 000 0 und d | ||
| 040 | |a B-ESTELÍ- RUACS / 343 M729 | ||
| 041 | |a spa | ||
| 082 | |a 343 M729 | ||
| 100 | 1 | |a Montalván Paniagua, Ariel | |
| 245 | 1 | 0 | |a Principales Leyes Económicas (Bancarias, Monetarias, Financieras y Crediticias) de Nicaragua |
| 260 | |a Nicaragua |b Maratí |c 1998 | ||
| 300 | |a 642 p | ||
| 650 | 7 | |a SISTEMA - FINANCIERO - NACIONAL | |
| 650 | 7 | |b LEGISLACION - BANCARIA | |
| 650 | 7 | |c INVERSIONES | |
| 942 | |c BK |2 ddc | ||
| 991 | |a TEXTO | ||
| 999 | |c 10804 | ||